Sports Quiz

Random Sports or NFL Quiz

NFL 2013 Season Stat Leaders Week 16 Quiz Stats

 Plays Quiz Updated Dec 24, 2013

Support Sporcle.
Go Orange.
Score 0/15 Timer 05:00
1 Play Today
Hint Answer % Correct
Passing Yards (Week 16)Peyton Manning
98.9%
Passing Yards (Week 16)Drew Brees
97.3%
Passing Yards (Week 16)Joe Flacco
95.2%
Passing Yards (Week 16)Matt Ryan
95.2%
Passing Yards (Week 16)Andy Dalton
93.1%
Rushing Yards (Week 16)LeSean McCoy
89.7%
Receiving Yards (Week 16)Demaryius Thomas
83.5%
Rushing Yards (Week 16)Le'Veon Bell
77.9%
Hint Answer % Correct
Receiving Yards (Week 16)Roddy White
76.6%
Rushing Yards (Week 16)Fred Jackson
73.1%
Receiving Yards (Week 16)Pierre Garcon
69.8%
Receiving Yards (Week 16)Eric Decker
68.4%
Rushing Yards (Week 16)Chris Ivory
51.9%
Rushing Yards (Week 16)Bryce Brown
45.9%
Receiving Yards (Week 16)Nate Washington
33%

You're not logged in!

Compare scores with friends on all Sporcle quizzes.
OR
Log In

From the Vault

Sister to Sister

by JoeBeta

Have enough sisters and you'll end up with a full house.
Remove Ads.
Support Sporcle.
Get the best of Sporcle when you Go Orange. This ad-free experience offers more features, more stats, and more fun while also helping to support Sporcle. Thank you for becoming a member.

Show Comments

Extras

Top Quizzes Today


Score Distribution

Your Account Isn't Verified!

In order to create a playlist on Sporcle, you need to verify the email address you used during registration. Go to your Sporcle Settings to finish the process.

Report this User

Report this user for behavior that violates our Community Guidelines.

Details: